| 000 | 004790000a22001930004500 | ||
|---|---|---|---|
| 001 | 000766 | ||
| 003 | MACL | ||
| 005 | 20150728143153.0 | ||
| 008 | 150728b xxu||||| |||| 00| 0 eng d | ||
| 040 |
_aMACL _cMACL |
||
| 041 | _aEnglish | ||
| 082 | _a332.422/THV | ||
| 100 |
_aKrishnamurthy, R. _92875 |
||
| 245 |
_aSangam Age Tamil Coins _cR. Krishnamurthy |
||
| 260 |
_aChennai _c1997 _bGarnet Publications, |
||
| 350 | _a750 | ||
| 650 |
_a Economics _92877 |
||
| 942 |
_k332 _cBK _2ddc |
||
| 999 |
_c764 _d764 |
||